|
|
|
|
| LEADER |
01021nam a2200349 4500 |
| 001 |
DLU030021990 |
| 005 |
##19970520095837.9 |
| 008 |
##950418s1995 nyua b 001 0 eng |
| 010 |
# |
# |
|a 95018128
|
| 020 |
# |
# |
|a 0195073401 (alk. paper)
|
| 020 |
# |
# |
|a 0195102681 (pbk. : alk. paper)
|
| 035 |
# |
# |
|9 (DLC) 95018128
|
| 040 |
# |
# |
|a DLC
|c DLC
|d DLC
|
| 050 |
# |
# |
|a HB172
|b .M6247 1995
|
| 082 |
# |
# |
|a 338.5
|b MA-A
|
| 100 |
# |
# |
|a Mas-Colell, Andreu.
|
| 245 |
# |
# |
|a Microeconomic theory /
|c Andreu Mas-Colell, Michael D. Whinston, and Jerry R. Green.
|
| 260 |
# |
# |
|a New York :
|b Oxford University Press,
|c 1995.
|
| 300 |
# |
# |
|a xvii, 981 p. :
|b ill. ;
|c 26 cm.
|
| 504 |
# |
# |
|a Includes bibliographical references and index.
|
| 650 |
# |
# |
|a Microeconomics.
|
| 700 |
# |
# |
|a Green, Jerry R.
|
| 700 |
# |
# |
|a Whinston, Michael Dennis.
|
| 992 |
# |
# |
|a 89.95
|
| 994 |
# |
# |
|a DLU
|
| 900 |
# |
# |
|a True
|
| 911 |
# |
# |
|a Phan Ngọc Đông
|
| 925 |
# |
# |
|a G
|
| 926 |
# |
# |
|a A
|
| 927 |
# |
# |
|a SH
|
| 980 |
# |
# |
|a Thư viện Trường Đại học Đà Lạt
|